Green Jelly - Three Little Pigs (All lyrics) - Statistics

General Stats
  • This quiz has been taken 3 times
  • The average score is 453 of 497
Answer Stats
Answer % Correct
a
100%
A
100%
And
100%
and
100%
architect
100%
as
100%
ass
100%
back?
100%
Bad
100%
bad
100%
become
100%
big
100%
big,
100%
blow
100%
bought
100%
by
100%
can
100%
chin,
100%
chin
100%
chinny,
100%
chords
100%
city
100%
could
100%
daddy
100%
day,
100%
day
100%
dead
100%
don't
100%
end
100%
fell
100%
first
100%
from
100%
grade
100%
guitar
100%
hair
100%
Harley
100%
he
100%
He
100%
his
100%
His
100%
Hollywood
100%
house
100%
huffed
100%
huffin',
100%
Huffin',
100%
Huffin'
100%
I,
100%
I
100%
I'll
100%
I'm
100%
in
100%
is
100%
just
100%
kinda
100%
knowledge
100%
let
100%
little
100%
Little
100%
Marley
100%
me
100%
mine
100%
moved
100%
my
100%
named
100%
Not
100%
Nugent
100%
of
100%
on
100%
one
100%
out
100%
pig,
100%
Pig
100%
piggy,
100%
piggy
100%
pigs
100%
plainly
100%
puffed,
100%
puffin',
100%
puffin'
100%
Rambo
100%
right
100%
rock
100%
see
100%
sit
100%
So,
100%
star
100%
sticks
100%
straw,
100%
student
100%
tale
100%
tell
100%
that
100%
that's
100%
the
100%
The
100%
then
100%
Then
100%
they
100%
They
100%
three
100%
to
100%
was
100%
Well,
100%
well,
100%
Why
100%
Wolf
100%
wolf,
100%
wolf
100%
wolf-face,
100%
Yo,
100%
you
100%
your
100%
all
67%
any
67%
Beach
67%
Bob
67%
called
67%
came
67%
cans
67%
College
67%
cranking
67%
days
67%
Degree
67%
door
67%
down
67%
dreamin'
67%
fast
67%
for
67%
Getting
67%
Harvard
67%
hick
67%
jammin'
67%
knockin'
67%
made
67%
master
67%
Masters
67%
may
67%
money
67%
most
67%
old
67%
paid
67%
pity
67%
religious
67%
second
67%
slasher
67%
smokin'
67%
some
67%
speech
67%
spent
67%
third
67%
up
67%
Venice
67%
what
67%
Along
33%
along
33%
bills
33%
Built
33%
built
33%
concrete",
33%
Daddy's
33%
Earned
33%
farm,
33%
ganja
33%
garbage
33%
Hills
33%
"It's
33%
knew
33%
like
33%
mansion,
33%
Mostly
33%
nothing
33%
picked
33%
pouted
33%
shelter
33%
shouted
33%
stardom,
33%
stoked
33%
stood
33%
story
33%
tri-level
33%
would
33%
behold
0%
But
0%
frowned,
0%
living
0%
low
0%
nine-eleven,
0%
piggy's
0%
sent
0%
No matching quizzes found
Score Distribution
Percent of People with Each Score
Percentile by Number Answered
Your Score History
You have not taken this quiz